[Event "18. Open Ciutat de Montcada 2010"]
[Site "Montcada i Reixac ESP"]
[Date "2010.06.25"]
[Round "1.1"]
[White "Bhat, Vinay S"]
[Black "Fenollar Jorda, Manuel"]
[Result "1-0"]
[WhiteElo "2547"]
[BlackElo "2369"]
[PlyCount "45"]
[EventDate "2010.06.25"]
[EventType "swiss"]
[EventRounds "9"]
[EventCountry "ESP"]
[Source "lmi"]
[SourceDate "2010.06.25"]

1. d4 d5 2. c4 c6 3. Nc3 Nf6 4. e3 a6 5. Qc2 b5 6. b3 e6 7. Nf3 Bd6 8. Bd3 Nbd7
9. O-O b4 10. Na4 Bb7 11. Bb2 Qe7 12. Rae1 c5 13. cxd5 Nxd5 14. dxc5 Nxc5 15.
Nxc5 Bxc5 16. Bxg7 Rg8 17. Be5 Rc8 18. Bc4 f5 19. e4 Nc3 20. Bxc3 Bxe4 21. Rxe4
fxe4 22. Qxe4 bxc3 23. Bxe6 1-0

[Event "18. Open Ciutat de Montcada 2010"]
[Site "Montcada i Reixac ESP"]
[Date "2010.06.25"]
[Round "1.3"]
[White "Almeida Quintana, Omar"]
[Black "Perpinya Rofes, Lluis Maria"]
[Result "1-0"]
[WhiteElo "2541"]
[BlackElo "2344"]
[PlyCount "93"]
[EventDate "2010.06.25"]
[EventType "swiss"]
[EventRounds "9"]
[EventCountry "ESP"]
[Source "lmi"]
[SourceDate "2010.06.25"]

1. d4 Nf6 2. c4 g6 3. Nc3 Bg7 4. e4 d6 5. f3 O-O 6. Be3 Nc6 7. Nge2 a6 8. Qd2
Rb8 9. Nc1 e5 10. d5 Nd4 11. Nb3 c5 12. dxc6 bxc6 13. Nxd4 exd4 14. Bxd4 Qa5
15. Rc1 Be6 16. b3 Rfd8 17. Be2 d5 18. cxd5 cxd5 19. e5 Nd7 20. f4 f6 21. O-O
fxe5 22. fxe5 Nxe5 23. Kh1 Re8 24. h3 Rbd8 25. Qf4 Bf5 26. g4 Bc8 27. Na4 Qb4
28. Rc7 Bd7 29. Bxe5 Qxf4 30. Bxf4 Rxe2 31. Bg5 Bxa4 32. Bxd8 Bb5 33. Bf6 Bf8
34. Rd1 Rxa2 35. Rxd5 Re2 36. Rd8 Be8 37. Be7 Bxe7 38. Rxe8+ Kf7 39. Rh8 Kg7
40. Ra8 Re6 41. Kg2 Kf7 42. Rca7 Re2+ 43. Kf3 Rh2 44. Kg3 Re2 45. Rb7 Re6 46.
g5 Rc6 47. Rh8 1-0

[Event "18. Open Ciutat de Montcada 2010"]
[Site "Montcada i Reixac ESP"]
[Date "2010.06.25"]
[Round "1.4"]
[White "Hernando Rodrigo, Jose Maria"]
[Black "Narciso Dublan, Marc"]
[Result "1/2-1/2"]
[WhiteElo "2328"]
[BlackElo "2535"]
[PlyCount "96"]
[EventDate "2010.06.25"]
[EventType "swiss"]
[EventRounds "9"]
[EventCountry "ESP"]
[Source "lmi"]
[SourceDate "2010.06.25"]

1. d4 Nf6 2. Nf3 e6 3. Bg5 c5 4. e3 cxd4 5. exd4 Be7 6. Bd3 b6 7. Nbd2 Bb7 8.
c3 d6 9. a4 a6 10. O-O Nbd7 11. Re1 O-O 12. Bxf6 Nxf6 13. Ne4 Nd7 14. Ng3 Re8
15. Be4 Qc7 16. Qd2 Nf6 17. Bxb7 Qxb7 18. Qf4 b5 19. axb5 axb5 20. h4 h6 21.
Nd2 Rxa1 22. Rxa1 Ra8 23. Rb1 Ra2 24. Nge4 Nxe4 25. Nxe4 Qa6 26. g4 Rxb2 27.
Rxb2 Qa1+ 28. Kg2 Qxb2 29. g5 hxg5 30. hxg5 Qb3 31. Nxd6 Qd5+ 32. Ne4 Bxg5 33.
Qb8+ Kh7 34. f3 Bh6 35. Qc7 Qa2+ 36. Kg3 Kg6 37. Nd6 e5 38. dxe5 Qd5 39. Ne4
Kf5 40. Nd6+ Kxe5 41. Qe7+ Qe6 42. Nxf7+ Kd5 43. Qb7+ Kc4 44. Qe4+ Qxe4 45.
fxe4 Bd2 46. Nd6+ Kc5 47. e5 Kd5 48. Nxb5 Kxe5 1/2-1/2

[Event "18. Open Ciutat de Montcada 2010"]
[Site "Montcada i Reixac ESP"]
[Date "2010.06.25"]
[Round "1.5"]
[White "Cruz, Cristhian"]
[Black "Cotonnec, Melkior"]
[Result "1-0"]
[WhiteElo "2533"]
[BlackElo "2296"]
[PlyCount "101"]
[EventDate "2010.06.25"]
[EventType "swiss"]
[EventRounds "9"]
[EventCountry "ESP"]
[Source "lmi"]
[SourceDate "2010.06.25"]

1. d4 Nc6 2. Nf3 d5 3. Bf4 Bg4 4. e3 e6 5. Nbd2 Bd6 6. Bxd6 cxd6 7. Be2 Nf6 8.
O-O Rc8 9. a3 O-O 10. Rc1 Na5 11. c3 Qb6 12. b4 Nc4 13. Nxc4 dxc4 14. Nd2 Bxe2
15. Qxe2 e5 16. Rfe1 Qc6 17. e4 b5 18. d5 Qa6 19. Ra1 Qa4 20. Qd1 Qxd1 21.
Rexd1 a6 22. a4 Ra8 23. Ra3 Nd7 24. Rda1 Nb6 25. axb5 axb5 26. Ra5 Rfb8 27. Kf1
Kf8 28. Rxa8 Rxa8 29. Ra5 Rxa5 30. bxa5 Nc8 31. Nb1 Ke7 32. Na3 Na7 33. Nc2 Kd7
34. Nb4 Kc7 35. Ke2 Kd7 36. Kd2 Kc7 37. h4 h5 38. f3 Kd7 39. g4 g6 40. Kc1 Kc7
41. Kb2 Kb8 42. Ka3 Kb7 43. Nc2 Nc8 44. g5 Ka7 45. Kb4 Ka6 46. Ne3 Ne7 47. Ng2
Ng8 48. f4 exf4 49. Nxf4 Ne7 50. Ne2 Ng8 51. e5 1-0

[Event "18. Open Ciutat de Montcada 2010"]
[Site "Montcada i Reixac ESP"]
[Date "2010.06.25"]
[Round "1.6"]
[White "Gomez Jurado, Luis Alberto"]
[Black "Cuartas, Jaime Alexander"]
[Result "0-1"]
[WhiteElo "2287"]
[BlackElo "2529"]
[PlyCount "50"]
[EventDate "2010.06.25"]
[EventType "swiss"]
[EventRounds "9"]
[EventCountry "ESP"]
[Source "lmi"]
[SourceDate "2010.06.25"]

1. d4 d5 2. c4 c6 3. Nf3 Nf6 4. e3 a6 5. Nc3 Bg4 6. h3 Bxf3 7. Qxf3 e6 8. Bd2
Nbd7 9. g4 Bb4 10. cxd5 exd5 11. Bd3 Qe7 12. g5 Bxc3 13. bxc3 Ne4 14. Bxe4 dxe4
15. Qg2 Nb6 16. Qf1 Qe6 17. Rb1 Nc4 18. Bc1 b5 19. f4 exf3 20. Qxf3 O-O 21. Rg1
Rae8 22. Kf2 Qg6 23. Rb3 f6 24. gxf6 Qc2+ 25. Kg3 Rxf6 0-1

[Event "18. Open Ciutat de Montcada 2010"]
[Site "Montcada i Reixac ESP"]
[Date "2010.06.25"]
[Round "1.7"]
[White "Munoz Pantoja, Miguel"]
[Black "Llaneza Vega, Patricia"]
[Result "1/2-1/2"]
[WhiteElo "2476"]
[BlackElo "2287"]
[PlyCount "102"]
[EventDate "2010.06.25"]
[EventType "swiss"]
[EventRounds "9"]
[EventCountry "ESP"]
[Source "lmi"]
[SourceDate "2010.06.25"]

1. e4 c5 2. Nf3 Nc6 3. d4 cxd4 4. Nxd4 Nf6 5. Nc3 d6 6. Bg5 e6 7. Qd2 Be7 8.
O-O-O Nxd4 9. Qxd4 O-O 10. f4 h6 11. Bxf6 Bxf6 12. Qxd6 Qa5 13. e5 Rd8 14. Qa3
Rxd1+ 15. Kxd1 Qxa3 16. bxa3 Be7 17. a4 a6 18. Bd3 Bd7 19. Ke2 Bc6 20. Be4 Rc8
21. Bxc6 Rxc6 22. Kd3 f5 23. Rb1 Rc7 24. Ne2 Bc5 25. c3 b6 26. Nd4 Kf7 27. Nb3
Rd7+ 28. Ke2 Be7 29. Nd2 Rc7 30. Kd3 Rd7+ 31. Kc2 Bc5 32. Nc4 g5 33. fxg5 hxg5
34. Nxb6 Bxb6 35. Rxb6 Rd5 36. Rxa6 Rxe5 37. Rd6 f4 38. Rd2 Kg6 39. Kb3 g4 40.
c4 Kf5 41. Kb4 f3 42. gxf3 gxf3 43. c5 Re2 44. Kc3 f2 45. Rxe2 f1=Q 46. Rc2 Ke5
47. Kb2 Qg1 48. c6 Qb6+ 49. Kc1 Qg1+ 50. Kb2 Qd4+ 51. Kc1 Qg1+ 1/2-1/2

[Event "18. Open Ciutat de Montcada 2010"]
[Site "Montcada i Reixac ESP"]
[Date "2010.06.25"]
[Round "1.8"]
[White "Capellades Subirana, Marc"]
[Black "Larino Nieto, David"]
[Result "0-1"]
[WhiteElo "2254"]
[BlackElo "2461"]
[PlyCount "100"]
[EventDate "2010.06.25"]
[EventType "swiss"]
[EventRounds "9"]
[EventCountry "ESP"]
[Source "lmi"]
[SourceDate "2010.06.25"]

1. e4 e6 2. d4 d5 3. Nd2 Nf6 4. e5 Nfd7 5. Bd3 c5 6. c3 Nc6 7. Ne2 cxd4 8. cxd4
f6 9. Nf4 Nxd4 10. Qh5+ Ke7 11. Ng6+ hxg6 12. exf6+ Nxf6 13. Qxh8 e5 14. Bxg6
Qa5 15. O-O Ne2+ 16. Kh1 Nxc1 17. Raxc1 Qxd2 18. Qh4 Qf4 19. Rc7+ Bd7 20. Qxf4
exf4 21. Rxb7 Kd8 22. Re1 Bd6 23. g4 f3 24. g5 Ne4 25. Bxe4 dxe4 26. h4 Rc8 27.
Rd1 Ke7 28. Re1 Rc2 29. Kg1 Rd2 30. Rxe4+ Kd8 31. Re1 Bg3 32. Rf1 Bxh4 33. Rxa7
Bb5 34. Ra8+ Kc7 35. Rh8 Bxf1 36. Rxh4 Rxb2 37. Rf4 Be2 38. Rf7+ Kd6 39. Rxg7
Rxa2 40. Kh2 Ke5 41. Rf7 Ra1 42. Rf8 Rf1 43. Kg3 Rg1+ 44. Kh4 Rg2 45. Kh5 Rxf2
46. g6 Rg2 47. Kh6 f2 48. g7 f1=Q 49. Rxf1 Bxf1 50. Kh7 Bc4 0-1

[Event "18. Open Ciutat de Montcada 2010"]
[Site "Montcada i Reixac ESP"]
[Date "2010.06.25"]
[Round "1.9"]
[White "Karlsson, Lars"]
[Black "Randazzo, Adrian"]
[Result "1/2-1/2"]
[WhiteElo "2453"]
[BlackElo "2243"]
[PlyCount "80"]
[EventDate "2010.06.25"]
[EventType "swiss"]
[EventRounds "9"]
[EventCountry "ESP"]
[Source "lmi"]
[SourceDate "2010.06.25"]

1. f4 e5 2. fxe5 d6 3. Nf3 Nc6 4. e4 dxe5 5. Bb5 Bc5 6. Bxc6+ bxc6 7. d3 Bg4 8.
Nbd2 Ne7 9. Nc4 f6 10. Be3 Bb6 11. a4 a5 12. O-O O-O 13. Qe1 Be6 14. Nxb6 cxb6
15. d4 exd4 16. Nxd4 Bc4 17. Rf2 c5 18. Qc3 Bf7 19. Nb5 Ng6 20. Rd2 Qe7 21. Nd6
Be6 22. h3 Kh8 23. Bf2 Bg8 24. Bg3 Rad8 25. Rad1 Be6 26. b3 Rd7 27. Nf5 Rxd2
28. Qxd2 Qb7 29. Qd6 Qxe4 30. Ne7 Re8 31. Re1 Qd4+ 32. Qxd4 cxd4 33. Nd5 Bf7
34. Rxe8+ Bxe8 35. Nxb6 Ne7 36. Nc4 Nc6 37. Be1 Bg6 38. c3 dxc3 39. Bxc3 Bc2
40. Nd2 Kg8 1/2-1/2

[Event "18. Open Ciutat de Montcada 2010"]
[Site "Montcada i Reixac ESP"]
[Date "2010.06.25"]
[Round "1.10"]
[White "Sanchez Ibern, Marc"]
[Black "Panelo, Marcelo"]
[Result "1/2-1/2"]
[WhiteElo "2241"]
[BlackElo "2450"]
[PlyCount "78"]
[EventDate "2010.06.25"]
[EventType "swiss"]
[EventRounds "9"]
[EventCountry "ESP"]
[Source "lmi"]
[SourceDate "2010.06.25"]

1. e4 c6 2. d4 d5 3. Nc3 dxe4 4. Nxe4 Bf5 5. Ng3 Bg6 6. Nf3 Nd7 7. h4 h6 8. h5
Bh7 9. Bd3 Bxd3 10. Qxd3 e6 11. Bd2 Ngf6 12. O-O-O Be7 13. Qe2 O-O 14. Nf1 Nb6
15. g4 Qd5 16. Kb1 Nc4 17. Ne3 Nxe3 18. fxe3 Ne4 19. c4 Qd6 20. Be1 b5 21. Qd3
Ng5 22. Nxg5 Bxg5 23. c5 Qd7 24. Bg3 f5 25. Bd6 Be7 26. gxf5 Bxd6 27. fxe6 Qxe6
28. cxd6 Qxd6 29. Rhg1 Rae8 30. Rg6 Rf6 31. Rxf6 Qxf6 32. d5 cxd5 33. Qxd5+ Qe6
34. Qxb5 Qxe3 35. a4 Qe4+ 36. Ka1 Re5 37. Qb3+ Kh7 38. Rd8 Re8 39. Rxe8 Qxe8
1/2-1/2

[Event "18. Open Ciutat de Montcada 2010"]
[Site "Montcada i Reixac ESP"]
[Date "2010.06.25"]
[Round "1.11"]
[White "Cruz, Filemon"]
[Black "Carbonell Bofill, Carlos Eloy"]
[Result "1-0"]
[WhiteElo "2447"]
[BlackElo "2233"]
[PlyCount "51"]
[EventDate "2010.06.25"]
[EventType "swiss"]
[EventRounds "9"]
[EventCountry "ESP"]
[Source "lmi"]
[SourceDate "2010.06.25"]

1. c4 c6 2. e4 e5 3. Nf3 Qf6 4. d4 exd4 5. e5 Bb4+ 6. Bd2 Qe7 7. Bd3 Bxd2+ 8.
Nbxd2 d6 9. O-O dxe5 10. Nxe5 Nh6 11. Re1 Be6 12. Ndf3 c5 13. Re2 O-O 14. Qc2
g6 15. Rae1 Na6 16. Nxf7 Rxf7 17. Rxe6 Qf8 18. Bxg6 Rg7 19. Bxh7+ Kh8 20. Rxh6
Rxg2+ 21. Kxg2 Qxh6 22. Re7 Qf6 23. Qe4 Nb4 24. Bg6 Rf8 25. a3 Nc6 26. Rh7+ 1-0

[Event "18. Open Ciutat de Montcada 2010"]
[Site "Montcada i Reixac ESP"]
[Date "2010.06.26"]
[Round "2.1"]
[White "Perez Mitjans, Orelvis"]
[Black "Bhat, Vinay S"]
[Result "1-0"]
[WhiteElo "2420"]
[BlackElo "2547"]
[PlyCount "45"]
[EventDate "2010.06.25"]
[EventType "swiss"]
[EventRounds "9"]
[EventCountry "ESP"]
[Source "lmi"]
[SourceDate "2010.06.25"]

1. e4 e5 2. Nc3 Nf6 3. f4 d5 4. fxe5 Nxe4 5. Qf3 Nxc3 6. dxc3 Be6 7. Qg3 c5 8.
Nh3 Nd7 9. Ng5 Qb6 10. Be2 g6 11. O-O Bg7 12. Bg4 Bxe5 13. Bf4 Bxf4 14. Rxf4
c4+ 15. Kh1 Bxg4 16. Qxg4 f5 17. Re1+ Kd8 18. Nf7+ Kc8 19. Qf3 Nf6 20. Nxh8 Ne4
21. Nf7 Kc7 22. Rfxe4 dxe4 23. Qf4+ 1-0

[Event "18. Open Ciutat de Montcada 2010"]
[Site "Montcada i Reixac ESP"]
[Date "2010.06.26"]
[Round "2.2"]
[White "Gonzalez Vidal, Yuri"]
[Black "Mihailovs, Jurijs"]
[Result "1-0"]
[WhiteElo "2543"]
[BlackElo "2405"]
[PlyCount "109"]
[EventDate "2010.06.25"]
[EventType "swiss"]
[EventRounds "9"]
[EventCountry "ESP"]
[Source "lmi"]
[SourceDate "2010.06.25"]

1. d4 Nf6 2. c4 e6 3. Nc3 Bb4 4. e3 b6 5. Nge2 Bb7 6. a3 Be7 7. d5 O-O 8. e4 a5
9. Ng3 Na6 10. Be2 d6 11. O-O c6 12. Be3 Nc5 13. Rc1 Re8 14. b4 axb4 15. axb4
Ncd7 16. Qb3 Bf8 17. Rfd1 Qb8 18. Rb1 Qc7 19. Bf4 Ne5 20. Rbc1 Ng6 21. Be3 Ne5
22. h3 Ned7 23. Bf1 Qb8 24. Rb1 Qa7 25. dxe6 fxe6 26. Bf4 e5 27. Be3 Qa3 28.
Qc2 Rec8 29. Nf5 d5 30. exd5 cxd5 31. Nb5 Qa4 32. Qxa4 Rxa4 33. Nfd6 Rb8 34.
Nxb7 Rxb7 35. cxd5 Rxb4 36. d6 Rxb1 37. Rxb1 Nc5 38. Bc4+ Kh8 39. Ra1 Rb8 40.
Bxc5 bxc5 41. Ra7 Rd8 42. Be6 g6 43. d7 Ne4 44. Rc7 Be7 45. Na7 Rf8 46. Nc6 Bg5
47. Nxe5 Bd8 48. Rc8 Kg7 49. Nc6 Bb6 50. d8=Q Bxd8 51. Nxd8 Rxf2 52. Rc7+ Kf8
53. Bd5 Re2 54. Ne6+ Ke8 55. Bc6# 1-0

[Event "18. Open Ciutat de Montcada 2010"]
[Site "Montcada i Reixac ESP"]
[Date "2010.06.26"]
[Round "2.3"]
[White "Asis Gargatagli, Hipolit"]
[Black "Almeida Quintana, Omar"]
[Result "1/2-1/2"]
[WhiteElo "2406"]
[BlackElo "2541"]
[PlyCount "79"]
[EventDate "2010.06.25"]
[EventType "swiss"]
[EventRounds "9"]
[EventCountry "ESP"]
[Source "lmi"]
[SourceDate "2010.06.25"]

1. e4 g6 2. d4 Bg7 3. Nc3 d6 4. f4 a6 5. Nf3 b5 6. Bd3 Nd7 7. Be3 Bb7 8. e5 Nh6
9. Qe2 Nb6 10. O-O-O e6 11. h4 b4 12. Ne4 Nf5 13. Bd2 Bxe4 14. Qxe4 Nd5 15. Qe1
h5 16. Bxf5 gxf5 17. Bxb4 Qd7 18. Ba3 Nxf4 19. exd6 cxd6 20. d5 e5 21. g3 Ng6
22. Rf1 O-O 23. Ng5 Bh6 24. Kb1 Kg7 25. Qf2 Bxg5 26. hxg5 f4 27. gxf4 Nxf4 28.
b3 f5 29. gxf6+ Rxf6 30. Rg1+ Kf7 31. Rdf1 Rg8 32. Rxg8 Kxg8 33. Qb6 h4 34. Bc1
h3 35. Rg1+ Kf7 36. Bxf4 Rxf4 37. Qb8 Rg4 38. Rf1+ Rf4 39. Rg1 Rg4 40. Rf1+
1/2-1/2

[Event "18. Open Ciutat de Montcada 2010"]
[Site "Montcada i Reixac ESP"]
[Date "2010.06.26"]
[Round "2.4"]
[White "Lorenzo De La Riva, Lazaro"]
[Black "Cruz, Cristhian"]
[Result "1-0"]
[WhiteElo "2390"]
[BlackElo "2533"]
[PlyCount "75"]
[EventDate "2010.06.25"]
[EventType "swiss"]
[EventRounds "9"]
[EventCountry "ESP"]
[Source "lmi"]
[SourceDate "2010.06.25"]

1. e4 e6 2. d4 d5 3. Nd2 Nf6 4. e5 Nfd7 5. Bd3 c5 6. c3 Nc6 7. Ne2 cxd4 8. cxd4
f6 9. Nf4 fxe5 10. Qh5+ Ke7 11. dxe5 Ndxe5 12. O-O Qe8 13. Qe2 g5 14. Nh3 g4
15. Nf4 Kd8 16. Nb3 Bd6 17. Bb5 Qf7 18. Bxc6 bxc6 19. Kh1 Nc4 20. Nd3 e5 21.
Bd2 e4 22. Ndc5 a5 23. Be3 a4 24. Nd4 Kc7 25. b4 Bxc5 26. bxc5 Ba6 27. Qxg4
Nxe3 28. Qg3+ Kc8 29. Qxe3 Bxf1 30. Rxf1 Qd7 31. Qh6 Rg8 32. Nxc6 Rg6 33. Qf8+
Kb7 34. Rb1+ Kxc6 35. Qxa8+ Kxc5 36. Qa5+ Kd6 37. Rb6+ Ke7 38. Qb4+ 1-0

[Event "18. Open Ciutat de Montcada 2010"]
[Site "Montcada i Reixac ESP"]
[Date "2010.06.26"]
[Round "2.5"]
[White "Cuartas, Jaime Alexander"]
[Black "Alonso Garcia, Rene Marcial"]
[Result "0-1"]
[WhiteElo "2529"]
[BlackElo "2393"]
[PlyCount "42"]
[EventDate "2010.06.25"]
[EventType "swiss"]
[EventRounds "9"]
[EventCountry "ESP"]
[Source "lmi"]
[SourceDate "2010.06.25"]

1. e4 e5 2. Nf3 Nc6 3. Bb5 a6 4. Ba4 Nf6 5. O-O Nxe4 6. d4 exd4 7. Re1 d5 8.
Nxd4 Bd6 9. Be3 O-O 10. c4 Ne5 11. cxd5 Qh4 12. g3 Qh3 13. Nd2 Bg4 14. f3 Nxd2
15. fxg4 Ndc4 16. Qc2 Nxg4 17. Nf5 Ncxe3 18. Nxe3 Bc5 19. Kh1 Bxe3 20. Bd7 Bb6
21. Bf5 g6 0-1

[Event "18. Open Ciutat de Montcada 2010"]
[Site "Montcada i Reixac ESP"]
[Date "2010.06.26"]
[Round "2.6"]
[White "Larino Nieto, David"]
[Black "Del Valle Cirera, Adria"]
[Result "1-0"]
[WhiteElo "2461"]
[BlackElo "2199"]
[PlyCount "37"]
[EventDate "2010.06.25"]
[EventType "swiss"]
[EventRounds "9"]
[EventCountry "ESP"]
[Source "lmi"]
[SourceDate "2010.06.25"]

1. d4 Nf6 2. c3 e6 3. Bg5 c5 4. Nd2 Nc6 5. e3 b6 6. f4 Be7 7. Bd3 Bb7 8. Ngf3
Rc8 9. a3 h6 10. Bxf6 Bxf6 11. O-O O-O 12. Ne5 d6 13. Ng4 cxd4 14. Ne4 Be7 15.
Nxh6+ gxh6 16. Qg4+ Kh8 17. Qh5 Kg7 18. f5 exf5 19. Ng3 1-0

[Event "18. Open Ciutat de Montcada 2010"]
[Site "Montcada i Reixac ESP"]
[Date "2010.06.26"]
[Round "2.7"]
[White "Shatko, Danil"]
[Black "Cruz, Filemon"]
[Result "0-1"]
[WhiteElo "2000"]
[BlackElo "2447"]
[PlyCount "54"]
[EventDate "2010.06.25"]
[EventType "swiss"]
[EventRounds "9"]
[EventCountry "ESP"]
[Source "lmi"]
[SourceDate "2010.06.25"]

1. d4 d5 2. c4 c6 3. Nc3 Nf6 4. Nf3 e6 5. e3 Nbd7 6. Bd3 dxc4 7. Bxc4 b5 8. Bd3
b4 9. Ne2 c5 10. O-O Bb7 11. Ng5 Bd6 12. e4 cxd4 13. Nxd4 O-O 14. Kh1 Nc5 15.
Be3 h6 16. Ngf3 Nxd3 17. Qxd3 Bxe4 18. Qe2 Qb8 19. Rfc1 Qb7 20. Ne1 Rac8 21. f3
Bg6 22. Nd3 Nd5 23. Nf2 Nxe3 24. Qxe3 Qb6 25. Ng4 Bc5 26. Rc4 Rcd8 27. Rd1 Rd6
0-1

[Event "18. Open Ciutat de Montcada 2010"]
[Site "Montcada i Reixac ESP"]
[Date "2010.06.26"]
[Round "2.8"]
[White "Narciso Dublan, Marc"]
[Black "Sanchez Ibern, Marc"]
[Result "1-0"]
[WhiteElo "2535"]
[BlackElo "2241"]
[PlyCount "65"]
[EventDate "2010.06.25"]
[EventType "swiss"]
[EventRounds "9"]
[EventCountry "ESP"]
[Source "lmi"]
[SourceDate "2010.06.25"]

1. g3 Nf6 2. Bg2 d5 3. d3 c6 4. Nd2 e5 5. e4 dxe4 6. dxe4 Qc7 7. Ngf3 Be6 8.
O-O h6 9. b3 Nbd7 10. Bb2 Bc5 11. Qe2 b5 12. h3 O-O 13. Ne1 Ne8 14. Nd3 Bd6 15.
f4 exf4 16. gxf4 f5 17. Kh1 Rc8 18. Rad1 fxe4 19. Nxe4 Bd5 20. Nxd6 Qxd6 21.
Ne5 Nxe5 22. Bxe5 Qe6 23. Bxd5 cxd5 24. Qg2 Kh7 25. Rxd5 a6 26. c3 Rf7 27. Kh2
Rc6 28. Rfd1 Qf5 29. Bb8 Qc8 30. Qe4+ Rg6 31. Rd8 Qxc3 32. f5 Rg5 33. f6+ 1-0

[Event "18. Open Ciutat de Montcada 2010"]
[Site "Montcada i Reixac ESP"]
[Date "2010.06.26"]
[Round "2.9"]
[White "Randazzo, Adrian"]
[Black "Munoz Pantoja, Miguel"]
[Result "0-1"]
[WhiteElo "2243"]
[BlackElo "2476"]
[PlyCount "58"]
[EventDate "2010.06.25"]
[EventType "swiss"]
[EventRounds "9"]
[EventCountry "ESP"]
[Source "lmi"]
[SourceDate "2010.06.25"]

1. e4 c5 2. Nf3 Nc6 3. d4 cxd4 4. Nxd4 Nf6 5. Nc3 e5 6. Ndb5 d6 7. Bg5 a6 8.
Na3 b5 9. Nd5 Be7 10. Bxf6 Bxf6 11. c3 O-O 12. Nc2 Bg5 13. a4 bxa4 14. Rxa4 a5
15. Bc4 Rb8 16. b3 Kh8 17. Nce3 g6 18. O-O f5 19. f3 Bxe3+ 20. Nxe3 Qb6 21. Qd2
f4 22. Qxd6 Bb7 23. Kh1 fxe3 24. Qa3 Rfd8 25. Qc1 Ba6 26. Bxa6 Qxa6 27. b4 Qb5
28. bxa5 e2 29. Re1 Rd1 0-1

[Event "18. Open Ciutat de Montcada 2010"]
[Site "Montcada i Reixac ESP"]
[Date "2010.06.26"]
[Round "2.10"]
[White "Llaneza Vega, Patricia"]
[Black "Karlsson, Lars"]
[Result "0-1"]
[WhiteElo "2287"]
[BlackElo "2453"]
[PlyCount "102"]
[EventDate "2010.06.25"]
[EventType "swiss"]
[EventRounds "9"]
[EventCountry "ESP"]
[Source "lmi"]
[SourceDate "2010.06.25"]

1. e4 g6 2. d4 d6 3. Nc3 Bg7 4. f4 Nf6 5. Nf3 O-O 6. Bd3 Na6 7. O-O c5 8. d5
Bg4 9. Bc4 Nd7 10. Qe2 Nc7 11. a4 a6 12. h3 Bxf3 13. Rxf3 b6 14. Bd2 Qc8 15.
Rff1 Qb7 16. e5 dxe5 17. f5 Nf6 18. fxg6 hxg6 19. Qxe5 Nce8 20. Bg5 Nd6 21. Qe2
Rfd8 22. Rad1 Rdb8 23. Bxf6 exf6 24. Ne4 Nxe4 25. Qxe4 b5 26. axb5 axb5 27. Be2
f5 28. Qh4 Qb6 29. Kh1 Qd6 30. b3 Bf6 31. Qf2 Ra2 32. Bd3 Be5 33. Qe2 b4 34.
Bc4 Ra7 35. Qf3 Re7 36. Rfe1 Rbe8 37. Bb5 Bc3 38. Bxe8 Bxe1 39. Bc6 Bg3 40. Bb5
Kg7 41. Bc4 Be1 42. Be2 Bc3 43. Bc4 Re4 44. Rf1 Bd4 45. Qd1 Qg3 46. Qf3 Qe5 47.
d6 Qxd6 48. Bxf7 Re3 49. Qd5 Qe7 50. Bxg6 Re5 51. Qc6 Re1 0-1

[Event "18. Open Ciutat de Montcada 2010"]
[Site "Montcada i Reixac ESP"]
[Date "2010.06.27"]
[Round "3.1"]
[White "Gonzalez Vidal, Yuri"]
[Black "Perez Mitjans, Orelvis"]
[Result "1/2-1/2"]
[WhiteElo "2543"]
[BlackElo "2420"]
[PlyCount "63"]
[EventDate "2010.06.25"]
[EventType "swiss"]
[EventRounds "9"]
[EventCountry "ESP"]
[Source "lmi"]
[SourceDate "2010.06.25"]

1. d4 Nf6 2. c4 g6 3. Nc3 Bg7 4. e4 d6 5. Nf3 O-O 6. h3 c5 7. d5 b5 8. cxb5 a6
9. bxa6 Nbd7 10. Be2 Bxa6 11. O-O Qa5 12. Rb1 Rfb8 13. Bd2 Ne8 14. Re1 Bxe2 15.
Qxe2 Nc7 16. a4 Qa6 17. Qe3 Rb3 18. Qg5 Bf6 19. Qg4 Qc8 20. a5 Rab8 21. Na4 Qe8
22. Bc3 h5 23. Qf4 Ne5 24. Nb6 Nd3 25. Qh6 Nxe1 26. Ng5 R3xb6 27. Qh7+ Kf8 28.
Qh6+ Kg8 29. axb6 Nb5 30. Qh7+ Kf8 31. Qh6+ Kg8 32. Qh7+ 1/2-1/2

[Event "18. Open Ciutat de Montcada 2010"]
[Site "Montcada i Reixac ESP"]
[Date "2010.06.27"]
[Round "3.2"]
[White "Alonso Garcia, Rene Marcial"]
[Black "Larino Nieto, David"]
[Result "0-1"]
[WhiteElo "2393"]
[BlackElo "2461"]
[PlyCount "138"]
[EventDate "2010.06.25"]
[EventType "swiss"]
[EventRounds "9"]
[EventCountry "ESP"]
[Source "lmi"]
[SourceDate "2010.06.25"]

1. d4 Nf6 2. Nf3 g6 3. g3 Bg7 4. Bg2 c5 5. d5 Qa5+ 6. Nfd2 d6 7. O-O h5 8. e4
h4 9. e5 dxe5 10. Nc4 Qa6 11. Nxe5 Nbd7 12. Nf3 hxg3 13. hxg3 Nb6 14. d6 e6 15.
Nc3 Rh5 16. a4 Bd7 17. Re1 Nbd5 18. Ne5 Nxc3 19. bxc3 Rd8 20. g4 Rxe5 21. Rxe5
Qc4 22. Qe2 Qxe2 23. Rxe2 Nxg4 24. Bxb7 Bxc3 25. Ra3 Bd4 26. Rh3 Bxa4 27. c3
Bg7 28. Bf4 Bb5 29. Rb2 a6 30. Ra2 e5 31. c4 Bxc4 32. Rc2 Bb5 33. Bg5 f6 34.
Bf3 Bd7 35. Rg3 Nxf2 36. Kxf2 fxg5 37. Rxg5 Bf5 38. Rxc5 e4 39. Rcxf5 Bd4+ 40.
Kg3 gxf5 41. Bh5+ Kd7 42. Rxf5 Kxd6 43. Ra5 Rf8 44. Rxa6+ Kd5 45. Ra5+ Kc4 46.
Ra6 e3 47. Be2+ Kc3 48. Re6 Kd2 49. Bh5 Bc5 50. Kg2 Rg8+ 51. Kf3 Rf8+ 52. Kg2
Ke1 53. Kg3 Kf1 54. Bf3 Rg8+ 55. Bg4 Rf8 56. Bf3 Bd4 57. Bg2+ Kg1 58. Bf3 Kf1
59. Bg2+ Ke2 60. Bh3 Ba7 61. Bg4+ Kf1 62. Bh3+ Kg1 63. Bg4 Bb8+ 64. Kh4 Bf4 65.
Re4 Kf2 66. Bh5 Bg3+ 67. Kh3 Rh8 68. Kg4 e2 69. Rxe2+ Kxe2 0-1

[Event "18. Open Ciutat de Montcada 2010"]
[Site "Montcada i Reixac ESP"]
[Date "2010.06.27"]
[Round "3.3"]
[White "Cruz, Filemon"]
[Black "Lorenzo De La Riva, Lazaro"]
[Result "1-0"]
[WhiteElo "2447"]
[BlackElo "2390"]
[PlyCount "171"]
[EventDate "2010.06.25"]
[EventType "swiss"]
[EventRounds "9"]
[EventCountry "ESP"]
[Source "lmi"]
[SourceDate "2010.06.25"]

1. d4 g6 2. c4 Bg7 3. Nc3 d6 4. g3 Nd7 5. Bg2 e5 6. Nf3 Ne7 7. O-O O-O 8. e3
Nc6 9. d5 Ne7 10. e4 a5 11. a3 h6 12. Ne1 f5 13. f3 f4 14. Nd3 g5 15. Bh3 Nf6
16. Bxc8 Qxc8 17. g4 h5 18. h3 hxg4 19. hxg4 Kf7 20. Bd2 Rh8 21. Kg2 b6 22. Be1
Rh6 23. Bf2 Qa6 24. Qe2 Rah8 25. Rh1 Qc8 26. Rxh6 Rxh6 27. Rh1 Rxh1 28. Kxh1
Neg8 29. Bg1 Nh6 30. Nf2 Qh8 31. Kg2 Qc8 32. b4 axb4 33. axb4 Bf8 34. Nb5 Kg6
35. Na7 Qa6 36. Nc6 Qa3 37. Nd3 Nf7 38. c5 bxc5 39. bxc5 Qc3 40. cxd6 Bxd6 41.
Bf2 Nd7 42. Be1 Qb3 43. Na5 Qb1 44. Bf2 Kf6 45. Qd2 Nh8 46. Qc3 Ng6 47. Qb3 Qa1
48. Qb5 Ndf8 49. Nc4 Qa2 50. Kf1 Nh4 51. Ne1 Qa1 52. Nxd6 cxd6 53. Bxh4 gxh4
54. Qe8 Qa6+ 55. Kf2 Qa7+ 56. Kg2 Kg7 57. Qd8 h3+ 58. Kxh3 Qg1 59. Qe7+ Kg8 60.
Qg5+ Kf7 61. Qf5+ Ke7 62. Kh4 Qxe1+ 63. Kg5 Qb4 64. Kh6 Qa3 65. Kg7 Nd7 66.
Qg5+ Ke8 67. Qh5+ Kd8 68. g5 Kc7 69. g6 Qa8 70. Qh8 Qa3 71. Kf7 Qxf3 72. g7
Qxe4 73. g8=Q Qxd5+ 74. Ke7 Nb6 75. Qb8+ Kc6 76. Qhe8+ Kc5 77. Qc7+ Kd4 78.
Qxb6+ Kd3 79. Qb1+ Ke2 80. Qh5+ f3 81. Qh2+ Ke3 82. Qc1+ Ke4 83. Qh7+ Kd4 84.
Qd2+ Kc5 85. Qhc2+ Qc4 86. Qxd6+ 1-0